000 00433nam a22001817a 4500
003 koha_MIRAKIL
005 20231213065301.0
008 231213b |||||||| |||| 00| 0 ||| d
020 _b9-75765291-1
040 _aTR-IsEVY
_btur
_cTR-IsEVY
082 _a780 USL/M
100 _aUSLU, RECEP.
245 0 _aMEHMED HAFİD EFENDİ VE MUSİKİ.
260 _bPAN,
_c2001
300 _a[ ] p.
650 _aMüzik.
942 _2ddc
_cBK
999 _c1048
_d1048